Spanish Speaking Countries & Capitals - Statistics

General Stats
  • This quiz has been taken 88 times
  • The average score is 14 of 20
Answer Stats
Hint Answer % Correct
Colombia Bogotá
94%
Perú Lima
94%
Boliva La Paz
86%
Ecuador Quito
86%
Argentina Buenos Aires
83%
Venezuela Caracas
83%
Chile Santiago
83%
El Salvador San Salvador
80%
Uruguay Montevideo
74%
Costa Rica San José
74%
España Madrid
71%
Puerto Rico San Juan
69%
Paraguay Asunción
66%
La Republica Dominicana Santo Domingo
60%
Guatemala Ciudad de Guatemala
51%
México Ciudad de México
51%
Honduras Tegucigalpa
51%
Nicaragua Managua
49%
Panamá Ciudad de Panamá
43%
Cuba La Habana
37%
No matching quizzes found
Score Distribution
Percent of People with Each Score
Percentile by Number Answered
Your Score History
You have not taken this quiz